Responses for Show #7695 - Friday, February 9, 2018

Contestants

[<< previous game]

Alison Sahner, a stay-at-home mom from Pittsburgh, Pennsylvania

Carlos Garcia, an immigration attorney from Los Angeles, California

Marty Cunningham, an accountant and voice artist from Arvada, Colorado (whose 1-day cash winnings total $18,900)

[next game >>]

Jeopardy! Round responses

20th CENTURY FACTS
RECENT TV ROLES
MEALS
(Alex: Then you have to name the play...)
SHAKESPEARE, & I QUOTE
CRIME
PUN-ISHMENT
    $200 3
(Helen) Keller

Alison
    $200 1
Doctor Who

Alison
    $200 11
brunch

Carlos
    $200 17
The Tempest

Marty
    $200 16
manslaughter

Marty
    $200 23
denial

Alison
    $400 7
Rome

Carlos
    $400 2
(Keegan-Michael) Key

Carlos
    $400 12
afternoon tea

Marty
    $400 18
The Taming of the Shrew

Alison
    $400 19
pickpocketing

Carlos
    $400 24
co-sign

Marty
    $600 8
the House Un-American Activities Committee

Marty
    $600 4
(Jason) Bateman

Alison
    $600 13
dinner

Marty
    $600 30
Julius Caesar

Carlos
    $600 20
cyberbullying

Carlos
    $600 25
(Marty: [*].)
(Alex: Right.)
(Marty: What is [*]?)

he can't

Marty
    $800 9
Kuwait

Carlos
    $800 5
(Rami) Malek

Alison
    $800 14
a power breakfast

Marty
    $2,000 29
Richard III

Alison
    $800 21
burglary

Alison
    $800 26
in tiers

Alison
    $1000 10
the Long March

Alison
    $1000 6
(Alison: Who is Byrne?)

Ian McShane

Alison
Triple Stumper
    $1000 15
sup

Carlos
    $1000 28
Titus Andronicus

Triple Stumper
    $1000 22
collusion

Triple Stumper
    $1000 27
Pierce

Triple Stumper

Scores at the first commercial break (after clue 15):

Marty Carlos Alison
$2,400 $2,800 $1,800

Scores at the end of the Jeopardy! Round:

Marty Carlos Alison
$3,800 $4,400 $6,000

Double Jeopardy! Round responses

"ALT" LEFT
ISLAND NATIONS
BASS-O-MATIC
YOU STAY CLASSICAL, MUSIC
THE NATIONAL INVENTORS HALL OF FAMER
MOVIE TITLE MATH
    $400 6
an altercation

Alison
    $400 1
(Carlos: Who is Eros?)

Aphrodite

MartyCarlos
    $400 21
largemouth and smallmouth bass

Triple Stumper
    $400 11
(Marty: Who is Bach? ...Uh, [*].)
(Alex: Thank you.)

Johann Sebastian Bach

Marty
    $400 13
(Alexander Graham) Bell

Marty
    $400 24
[Alex reads the blanks as "blank".]
(Alex: 11 and 7.)

77

Marty
    $800 7
an altimeter

Marty
    $800 2
Trinidad

Marty
    $800 22
(Marty: What is androgynous?)

hermaphrodite

MartyCarlos
    $800 12
Wagner

Carlos
    $800 14
Wozniak

Marty
    $800 25
[Alex reads the first blank as "this" and the second blank as "these".]

28

Carlos
    $1200 8
(Carlos: What is an altar? ...What is a triptych altar?)
(Marty: What is an altar screen?)
[Marty's response was originally ruled incorrect, then ruled correct before the second Daily Double.]

an altarpiece (or altar screen)

MartyCarlos
    $1200 3
(Alison: What is Auckland?)
...
(Alex: [*], New Zealand.)

Wellington

MartyAlison
    $1200 28
a perch

Marty
    $1200 18
a clarinet concerto

Triple Stumper
    $4,000 15
Milton Bradley

Marty
    $1200 23
[Alex reads the blanks as "these".]
(Alex: 3 times 6.)

18

Marty
    $1600 9
the altogether

Marty
    $2,000 4
Iceland

Marty
    $1600 29
a grouper

Marty
    $1600 19
Boléro

Marty
    $1600 16
(Carlos: Who is Firestone?)

Goodyear

CarlosAlison
    $1600 26
[Alex reads the first blank as "this many".]
(Alex: What are 60 plus 13? [*].)

73

Triple Stumper
    $2000 10
Altair

Triple Stumper
    $2000 5
Hispaniola

Marty
    $2000 30
the black crappie

Triple Stumper
    $2000 20
Peer Gynt

Marty
    $2000 17
(Robert) Goddard

Marty
    $2000 27
[Alex reads the first blank as "these" and the second blank as "number of".]
(Marty: What is 300?)
...
(Alex: 500 times 8.)

4000

Marty
Triple Stumper

Scores at the end of the Double Jeopardy! Round:

Marty Carlos Alison
$26,600 $3,600 $6,800
(lock game)

[wagering suggestions for these scores]

Final Jeopardy! Round responses

20th CENTURY BOOKS
(Alex: [To Alison] You were going for Brave New World, and that would have been incorrect.)
CarlosWhat is Cold as Ice?
$3,500
AlisonWhat is Brave New
$1,000
MartyWhat is The Right Stuff?
$3,600
The Right Stuff

Final scores:

Marty Carlos Alison
$30,200 $100 $5,800
2-day champion: $49,100 3rd place: $1,000 2nd place: $2,000

Game dynamics:

Coryat scores:

Marty Carlos Alison
$23,400 $3,600 $5,600
27 R
(including 2 DDs),
2 W
11 R,
3 W
12 R
(including 1 DD),
2 W

Combined Coryat: $32,600

[game clues] [game scores] [suggest correction]

Game tape date: 2017-11-08
The J! Archive is created by fans, for fans. Scraping, republication, monetization, and malicious use prohibited; this site may use cookies and collect identifying information. See terms. The Jeopardy! game show and all elements thereof, including but not limited to copyright and trademark thereto, are the property of Jeopardy Productions, Inc. and are protected under law. This website is not affiliated with, sponsored by, or operated by Jeopardy Productions, Inc. Join the discussion at JBoard.tv.